Countries With The Most Mormons - Statistics

General Stats
  • This quiz has been taken 55 times
  • The average score is 21 of 30
Answer Stats
Mormons % Country % Correct
6,86 mil 2.0 United States
100%
1,49 mil 1.1 Mexico
92%
179,990 0.2 United Kingdom
92%
1,52 mil 0.7 Brazil
90%
199,030 0.5 Canada
86%
217,610 0.4 Colombia
82%
481,520 1.0 Argentina
80%
637,180 1.8 Peru
80%
149,660 0.5 Australia
78%
608,890 3.1 Chile
78%
117,000 2.2 New Zealand
76%
186,130 0.6 Venezuela
76%
290,070 1.6 Guatemala
73%
203,500 2.0 Honduras
73%
110,910 3.2 Uruguay
73%
115,070 1.6 Nicaragua
71%
91,870 1.3 Paraguay
71%
265,800 1.5 Ecuador
69%
71,430 0.1 South Africa
67%
241,000 2.0 Bolivia
65%
129,980 0.1 Japan
65%
867,270 0.7 Philippines
65%
131,000 2.1 El Salvador
61%
232,650 0.1 Nigeria
59%
157,080 1.4 Dominican Republic
57%
92,000 0.2 South Korea
57%
68,400 63.3 Tonga
49%
123,450 0.1 DR Congo
41%
88,720 39.4 Samoa
41%
106,880 0.3 Ghana
37%
No matching quizzes found
Score Distribution
Percent of People with Each Score
Percentile by Number Answered
Your Score History
You have not taken this quiz